Analýza vplyvu faktora detský vek na náklady nemocnice

Gespeichert in:
Bibliographische Detailangaben
1. Verfasser: Tomka, Marek (Verfasst von)
Weitere Verfasser: Sónak Ballová, Dominika (Betreuung Doktorarbeit)
Format: Manuskript Buch
Sprache:Slowakisch
Veröffentlicht: 2024
Schlagworte:
Online-Zugang:http://is.stuba.sk/zp/portal_zp.pl?podrobnosti=175912
https://opac.crzp.sk/?fn=detailBiblioForm&sid=AA0D9432EF6DE826C9171D4F11D3
Tags: Tag hinzufügen
Keine Tags, Fügen Sie das erste Tag hinzu!

MARC

LEADER 00000ntm a22000003a 4500
001 stuzp96564
003 SK-STU
005 20240930100820.9
007 ta
008 150427s2015----xo-----f-mn---000-0-slo-d
040 |a STU  |b slo 
041 0 |a slo 
100 1 |a Tomka, Marek  |u 010220  |4 aut  |U SvF Stavebná fakulta  |T SvF Katedra matematiky a deskriptívnej geometrie  |X 104396  |U V220  |Y 23  |7 104396 
242 0 1 |a Analysis of the influence of the factor of childhood age on hospital costs  |y eng 
245 1 0 |a Analýza vplyvu faktora detský vek na náklady nemocnice 
260 |c 2024 
650 4 |a DRG systém  |2 slo 
650 4 |a random forest metóda  |2 slo 
650 4 |a programovací jazyk R  |2 slo 
650 4 |a strojové učenie  |2 slo 
650 4 |a detský vek  |2 slo 
650 4 |a DRG system  |2 eng 
650 4 |a machine learning  |2 eng 
650 4 |a random forest method  |2 eng 
650 4 |a programming language R  |2 eng 
650 4 |a childhood age  |2 eng 
700 1 |a Sónak Ballová, Dominika  |u 010220  |k Z2  |4 ths  |U SvF Stavebná fakulta  |T SvF Katedra matematiky a deskriptívnej geometrie  |X 93588  |U V220  |Y 23  |7 93588 
856 4 |u http://is.stuba.sk/zp/portal_zp.pl?podrobnosti=175912 
856 4 |u https://opac.crzp.sk/?fn=detailBiblioForm&sid=AA0D9432EF6DE826C9171D4F11D3